000 00963nas a2200229 4500
005 20080925050328.0
008 750824c19479999nyuqr p 0 a0eng d
010 _aENG-92548
020 _c65.00
035 _aEN-76081
037 _bDBAD / PUB
040 _adpl
_bEnglish
082 _a621.382
100 _aMangalam, SP
245 _aMobilecommunication:
_b(for B.Sc., physics and telecommunication courses) /
_cby SP. Manglam
260 _aMadurai
_bRadha Publication
_c2008
300 _a177p.
_c20 cm (pbk)
650 _aMobile communication systems
942 _2ddc
_cEN
_mMAN
_h621.382
999 _c21071
_d21071